000
00371nam a2200145Ia 4500
008
151213s9999 xx 000 0 und d
020
_a
984-30000089-0
245
_a
Income Tax Ordinance 1984, & Income Tax Manual Part- 1
250
_a
1st
260
_a
Dhaka
_b
‡m›Uvi „ÕjÕ eyK nvDR
_c
2007
300
_a
5081 p.
650
_a
Law
650
_a
Law
999
_c
3137
_d
3137